000 00518cam a2200181 4500
001 ##D15335
008 090401t1971 xxu||||| |||| 00| 0 eng d
035 _a(Sirsi) u21981
041 0 _aeng
050 0 4 _a333.0062 $2 18
110 2 _aRoyal Institution of Chartered Surveyors
_94900
245 0 0 _aDivisional structure of the institution
_bmemorandum from the General Council
260 _aLondon
_bRICS
_c1971
300 _a8p.
_c21cm.
520 _aFiled in box RICS 1971/63 A
942 _n0
948 _c04/03/1997
999 _c88101
_d88101